| 000 | 00358nam a2200145Ia 4500 | ||
|---|---|---|---|
| 008 | 230917s9999||||xx |||||||||||||| ||und|| | ||
| 040 |
_e127432 _aMAIN |
||
| 041 | _aEnglish | ||
| 082 | _a320.509 H117H | ||
| 100 | _aHaddock, Bruce | ||
| 245 | 0 | _aHistory of political thought | |
| 260 |
_aCambridge _bPolity Press _c2008 |
||
| 300 | _a330p p. | ||
| 942 | _cBK | ||
| 999 |
_c149762 _d149762 |
||